000 00542nam a22002297a 4500
003 UA-OsUOA
001 121070
007 ta
008 20170309b un ||||| |||| 00| 0 ukr d
100 _aКалидаса
090 _a821.21
_bК17
942 _cBK
040 _aUA-OsUOA
_brus
_cUA-OsUOA
_dUA-OsUOA
245 _aИзбранное
300 _a290 С.
955 _a3
041 _arus
080 _a821.21
260 _aМ.
650 7 _a82 Література. Літературознавство
_2UDC
999 _c407184
_d407184